English contract law / (Record no. 27486)
[ view plain ]
| 000 -LEADER | |
|---|---|
| fixed length control field | 00719nam a22002415a 4500 |
| 005 - DATE AND TIME OF LATEST TRANSACTION | |
| control field | 20190528093819.0 |
| 008 - FIXED-LENGTH DATA ELEMENTS--GENERAL INFORMATION | |
| fixed length control field | 190527s2018 ua fr 001 0 eng d |
| 020 ## - INTERNATIONAL STANDARD BOOK NUMBER | |
| International Standard Book Number | 9789770488195 |
| 040 ## - CATALOGING SOURCE | |
| Original cataloging agency | EG-ScBUE |
| Language of cataloging | eng |
| Transcribing agency | EG-ScBUE |
| Modifying agency | EG-ScBUE |
| 082 04 - DEWEY DECIMAL CLASSIFICATION NUMBER | |
| Classification number | 346.02 |
| Item number | BAM |
| Edition number | 22 |
| 100 1# - MAIN ENTRY--PERSONAL NAME | |
| Personal name | Bamodu, Gbenga. |
| 245 13 - TITLE STATEMENT | |
| Title | English contract law / |
| Statement of responsibility, etc | Gbenga Bamodu. |
| 260 ## - PUBLICATION, DISTRIBUTION, ETC. (IMPRINT) | |
| Place of publication, distribution, etc | Cairo : |
| Name of publisher, distributor, etc | Dar Al Nahda Al Arabia, |
| Date of publication, distribution, etc | 2018. |
| 300 ## - PHYSICAL DESCRIPTION | |
| Extent | 260 p. ; |
| Dimensions | 24 cm. |
| 500 ## - GENERAL NOTE | |
| General note | Includes index. |
| 500 ## - GENERAL NOTE | |
| General note | Includes glossary. |
| 541 ## - IMMEDIATE SOURCE OF ACQUISITION NOTE | |
| Source of acquisition | Dr. Gbenga Bamodu ; |
| 650 #7 - SUBJECT ADDED ENTRY--TOPICAL TERM | |
| Topical term or geographic name as entry element | Contracts |
| Geographic subdivision | Great Britain. |
| Source of heading or term | BUEsh |
| 9 (RLIN) | 40386 |
| 650 #7 - SUBJECT ADDED ENTRY--TOPICAL TERM | |
| Topical term or geographic name as entry element | Contracts |
| Geographic subdivision | Egypt. |
| Source of heading or term | BUEsh |
| 651 ## - SUBJECT ADDED ENTRY--GEOGRAPHIC NAME | |
| Source of heading or term | BUEsh |
| 653 ## - INDEX TERM--UNCONTROLLED | |
| Resource For college | Law |
| Arrived date list | May2019 |
| 942 ## - ADDED ENTRY ELEMENTS (KOHA) | |
| Source of classification or shelving scheme | Dewey Decimal Classification |
| Withdrawn status | Item status | Source of classification or shelving scheme | Damaged status | Not for loan | Vendor | Home library | Current library | Shelving location | Date acquired | Source of acquisition | Total Checkouts | Full call number | Barcode | Date last seen | Date last borrowed | Koha item type | Total Renewals | Checked out |
|---|---|---|---|---|---|---|---|---|---|---|---|---|---|---|---|---|---|---|
| Dewey Decimal Classification | Donation-Gift | Central Library | Central Library | First floor | 28/05/2019 | Donation | 1 | 346.02 BAM | 000047867 | 15/07/2025 | 22/04/2021 | NB - Book (Non borrowing) | ||||||
| Lost in Library | Dewey Decimal Classification | Donation-Gift | Central Library | Central Library | First floor | 28/05/2019 | Donation | 346.02 BAM | 000047868 | 04/08/2019 | Book - Borrowing | |||||||
| Dewey Decimal Classification | Donation-Gift | Central Library | Central Library | First floor | 28/05/2019 | Donation | 10 | 346.02 BAM | 000047869 | 02/10/2025 | 02/10/2025 | Book - Borrowing | 17 | 08/02/2026 | ||||
| Dewey Decimal Classification | Donation-Gift | Central Library | Central Library | First floor | 28/05/2019 | Donation | 9 | 346.02 BAM | 000047870 | 11/06/2024 | 07/05/2024 | Book - Borrowing | 33 |